|
|
|
|
| LEADER |
00944nam a22002531a 4500 |
| 001 |
c000358965 |
| 003 |
CARM |
| 005 |
20001114202717.0 |
| 008 |
851113s1955 fr 0 eng d |
| 019 |
1 |
|
|a 4130292
|5 LACONCORD2021
|
| 035 |
|
|
|a (OCoLC)218994344
|5 LACONCORD2021
|
| 040 |
|
|
|a NUN
|b eng
|c NUN
|d SSLP
|
| 082 |
0 |
4 |
|a 840.9
|
| 100 |
1 |
|
|a Lagarde, André.
|
| 245 |
1 |
0 |
|a XVIIe (i.e. Dix-septieme) siecle /
|c les grands auteurs francais du programme / Andre Lagarde et Laurent Michard.
|
| 250 |
|
|
|a 5th ed.
|
| 260 |
|
|
|a Paris :
|b Bordas,
|c 1955.
|
| 300 |
|
|
|a 448 p. : ill.
|
| 490 |
0 |
|
|a Collection Textes et littérature ;
|v 3
|
| 650 |
|
0 |
|a French literature
|y 17th century.
|
| 700 |
1 |
|
|a Michard, Laurent.
|
| 852 |
8 |
|
|b CARM
|h A1:AO19B0
|i B08293
|p 0404168
|f BK
|
| 999 |
f |
f |
|i 7e4f5842-e2e8-5e3d-bafd-3d98be2efb02
|s b2c58d92-0efe-5eb2-b113-b635a7b3a586
|
| 952 |
f |
f |
|p Can circulate
|a CAVAL
|b CAVAL
|c CAVAL
|d CARM 1 Store
|e B08293
|f A1:AO19B0
|h Other scheme
|i book
|m 0404168
|